00851nam a2200193 a 45000010005000000030009000050050017000140080041000310200015000720400028000870820022001151000027001372450338001642500012005022600056005143000028005706500022005986500037006209274BD-DhUAP20200202163714.0200202s2005 bg 000 0 eng d a9848430725 aDLCcDLCdBD-DhUAPbEng00223a340.0954 RAK 1 aRakshit, Mridul Kanti.14aThe principles of Hindu law :bpersonal law of Hindus in Bangladesh and Pakistan, containing law of socio-economic relations of the members of the Hindu society as well as the socio-engineering law of property of Hindus as modified by various legislative enactments, with upto date judicial precedents /cby Sree Mridulkanti Rakshit. a5th ed. aChittagong, Bangladesh :bKamrul Book House,c2005. al, 1084 pages ;c26 cm. 0aHindu lawzIndia. 0aHindus--Legal status, laws, etc.